Т. 17. Из семейной хроники Ульяновых; Пермская Лениниана

Bibliografische gegevens
Parent link:Пермская Лениниана: библиотечка в двадцати томах/ сост. и ред. библиотечки Б. Грин. Т. 17. Из семейной хроники Ульяновых.— [2-е изд., с изм.].— , 1984
Hoofdauteur: Подлужная М. Я. Мария Яковлевна
Taal:Russisch
Gepubliceerd in: 1984
Onderwerpen:
Formaat: MixedMaterials Boek
KOHA link:https://koha.lib.tpu.ru/cgi-bin/koha/opac-detail.pl?biblionumber=237690

MARC

LEADER 00000nam2a2200000 4500
001 237690
005 20260425071717.0
035 |a (RuTPU)RU\TPU\book\258865 
035 |a RU\TPU\book\258838 
090 |a 237690 
100 |a 20130517d1984 m y0rusy50 ca 
101 0 |a rus 
102 |a RU 
105 |a c z 001zd 
200 0 |a Т. 17. Из семейной хроники Ульяновых  |f М. Я. Подлужная  
210 |d 1984 
215 |a 125 с.  |c портр.  |d 8 см. 
320 |a Примечания: с. 121-125. 
461 1 |0 (RuTPU)RU\TPU\book\257423  |t Пермская Лениниана  |o библиотечка в двадцати томах  |f сост. и ред. библиотечки Б. Грин  |v Т. 17. Из семейной хроники Ульяновых  |e [2-е изд., с изм.]  |d 1984 
606 |7 ca  |8 rus  |a Ленин В. И.  |x Жизнь и деятельность  |9 89215 
606 |a Пермская область  |x История  |9 89252 
610 1 |a Пермская губерния 
610 1 |a врачи 
610 1 |a биографии 
610 1 |a медицина 
610 1 |a 19 век 
610 1 |a лениниана 
610 1 |a миниатюрные издания 
686 |2 rubbk  |a Т3(2)6-8Ленин35 
686 |2 rubbk  |a Т3(235.55) 
700 1 |a Подлужная  |b М. Я.  |g Мария Яковлевна 
801 1 |a RU  |b 63413507  |c 20130422 
801 2 |a RU  |b 63413507  |c 20130517  |g RCR 
942 |c BK